000 00993nam a2200301 i 4500
003 EG-GICUC
005 20260507103207.0
008 260507s1937 sz ||||fr|||| 00| 0 fre d
040 _aEG-GiCUC
_bfre
_cEG-GiCUC
_dEG-GiCUC
_eRda
082 0 4 _221
_a345.0493
_bVA . P
092 0 4 _221
099 _aLaw1 07 345.0493 VA . P 1937
100 1 _aVauthier, Maurice
_eAuteur
245 1 0 _aPrécis Du Droit Administratif De La Belgique /
_cMaurice Vauthier.
_n
_b
250 _aDeuxieme Edition
264 1 _aBruxelles :
_bMaison Ferdinand Larcier,
_c1937.
300 _a698page :
_billustration ;
_c 24 cm.
336 _2rda contenu
_a texte
337 _2rda medias
_aOrdinateur
338 _2 transporteur rda
_a Ressource en ligne
504 _aBibliography: pages 200-250. 240-220
546 _aTexte en français
650 1 4 _aDroit administratif
_2
651 1 _2
856 4 0 _uhttps://fll.law.cu.edu.eg/fulltext/bks/B07-05576.pdf
905 _a50
942 _2ddc
_cBK
_e21
_n0
999 _c76078
_d76078